|
|
|
|
| LEADER |
00000cam a2200000 7i4500 |
| 001 |
0000007245 |
| 002 |
000007794 |
| 005 |
20000330.0 |
| 020 |
|
|
|a 9836249125
|
| 090 |
0 |
0 |
|a F
|b MOH
|
| 100 |
0 |
|
|a Mohd Khairy Hj Halimi
|
| 245 |
1 |
0 |
|a Aksioma Ain
|c Mohd Khairy Hj Hhalimi
|
| 260 |
|
|
|a Kuala Lumpur :
|b DBP ,
|c 1995
|
| 300 |
|
|
|a 345 p. ;
|c 18 cm.
|
| 999 |
|
|
|a 052201
|b BUKU
|c PINJAMAN
|e PERPUSTAKAAN KOMUNITI PETALING JAYA
|
| 999 |
|
|
|a 052202
|b BUKU
|c PINJAMAN
|e PERPUSTAKAAN KOMUNITI PETALING JAYA
|
| 999 |
|
|
|a 052203
|b BUKU
|c PINJAMAN
|e PERPUSTAKAAN KOMUNITI PETALING JAYA
|
| 999 |
|
|
|a 055229
|b BUKU
|c FICTION
|e PERPUSTAKAAN KOMUNITI CAW KOTA DAMANSARA
|
| 999 |
|
|
|a 055230
|b BUKU
|c FICTION
|e PERPUSTAKAAN KOMUNITI CAW KOTA DAMANSARA
|